000 00355nam a22001457a 4500
003 OSt
005 20250228095613.0
008 250228b |||||||| |||| 00| 0 eng d
020 _a9788119896399
040 _c
082 _21
_a371.2
_bMAD
245 _aNTA UGC NET SET Teaching Aptitude
_cMadaan,K.V.S
260 _bPearson
_c2024
942 _2ddc
_cBK
_e1
_n0
999 _c36155
_d36155